000 00301nam a22001337a 4500
020 _a0-14310-087-4
082 _a001
_bOBRIP
100 _aO'BRIEN DEREK
245 _aREFERENCE YEAR BOOK 2007
260 _aLONDON
_bPENGUIN BOOKS
_c2007
300 _a1056
520 _aREFERENCE YEAR BOOK
942 _cBK
999 _c6761
_d6761